书目信息 |
| 题名: |
1897的中国
|
|
| 作者: | 斯塔德 著 ;李涛 译 | |
| 分册: | ||
| 出版信息: | 济南 山东画报出版社 2004 |
|
| 页数: | 101页 | |
| 开本: | 20cm | |
| 丛书名: | ||
| 单 册: | ||
| 中图分类: | K256.06 | |
| 科图分类: | ||
| 主题词: | ||
| 电子资源: | ||
| ISBN: | 7-80603-835-3 | |
| 000 | 00782nam0 2200229 45 | |
| 001 | 002665187 | |
| 005 | 20050323110315.5 | |
| 010 | @a7-80603-835-3@dCNY8.00 | |
| 100 | @a20040617d2004 em y0chiy0110 ea | |
| 101 | 1 | @achi@ceng |
| 102 | @aCN@b370000 | |
| 105 | @aa z 000yy | |
| 200 | 1 | @a1897的中国@A1897 de zhong guo@f(美)约翰·斯塔德著@F(Mei)Yue Han·Si Ta De Zhu@g李涛译 |
| 210 | @a济南@c山东画报出版社@d2004 | |
| 215 | @a101页@c照片@d20cm | |
| 330 | @a作者讲述了他在中国的见闻,1897年当时的一些民俗风情、社会现象,诸如经商、修路、修引水沟渠、科举考试等,也记录了他所看到的恶习等内容。 | |
| 607 | @a中国@x近代史@z1897 | |
| 690 | @aK256.06@v4 | |
| 701 | 0 | @a斯塔德@4著 |
| 702 | 0 | @a李涛@ALi Tao@4译 |
| 801 | 0 | @aCN@bNLC@c20040720 |
| 905 | @b346010-014@dK256.06@e31@f5 | |
| 1897的中国/(美)约翰·斯塔德著/李涛译.-济南:山东画报出版社,2004 |
| 101页:照片;20cm |
| ISBN 7-80603-835-3:CNY8.00 |
| 作者讲述了他在中国的见闻,1897年当时的一些民俗风情、社会现象,诸如经商、修路、修引水沟渠、科举考试等,也记录了他所看到的恶习等内容。 |
| ● |
| 相关链接 |
|
|
|
|
正题名:1897的中国
索取号:K256.06/31
 
预约/预借
| 序号 | 登录号 | 条形码 | 馆藏地/架位号 | 状态 | 备注 |
| 1 | 0346010 | 203460101 | 第二样本阅览室/ [索取号:K256.06/31] | 在馆 | |
| 2 | 0346011 | 203460110 | 第二借阅区/ [索取号:K256.06/31] | 在馆 | |
| 3 | 0346012 | 203460129 | 第二借阅区/ [索取号:K256.06/31] | 在馆 | |
| 4 | 0346013 | 203460138 | 第二借阅区/ [索取号:K256.06/31] | 在馆 | |
| 5 | 0346014 | 203460147 | 第二借阅区/ [索取号:K256.06/31] | 在馆 |